000 00894nam a22002537a 4500
001 70101
003 UA-OsUOA
005 20201130193148.0
007 ta
008 20100826b un ||||| |||| 00| 0 ukr d
020 _a5-7372-0016-7
040 _aUA-OsUOA
_bukr
_cUA-OsUOA
_dUA-OsUOA
041 _aukr
080 _a82.09
090 _a82.09
_bБ14
100 _aБагрій Р.
245 _aШлях сера Вальтера Скота НА Україну
_b("Тарас Бульба" М. Гоголя і "Чорна рада" П. Куліша в світлі історичної романістики В. Скотта)
260 _aК.
_bВсесвіт
_c1993
300 _a296 с.
650 7 _a82 Література. Літературознавство
_2UDC
942 _cBK
_2udc
955 _a3
999 _c356220
_d356220